10 Most Populous Cities in Maine - Statistics

General Stats
  • This quiz has been taken 17 times
  • The average score is 5 of 10
Answer Stats
Population City % Correct
69,307 Portland
94%
31,597 Bangor
88%
26,928 South Portland
76%
38,835 Lewiston
71%
25,032 Auburn
41%
21,140 Saco
35%
22,344 Sanford
24%
24,228 Scarborough
18%
20,607 Westbrook
18%
22,309 Biddleford
0%
No matching quizzes found
Score Distribution
Percent of People with Each Score
Percentile by Number Answered
Your Score History
You have not taken this quiz